[Event "European Online Club-ch-A 2021"]
[Site "Online"]
[Date "2021.03.27"]
[Round "9.11"]
[White "Czopor, Maciej"]
[Black "Marin, Mihail"]
[Result "0-1"]
[WhiteElo "2239"]
[BlackElo "2502"]
[Annotator "ChessBase"]
[PlyCount "78"]
[EventDate "2021.03.27"]
[EventType "team-tourn"]
[EventCountry "NET"]
[SourceTitle "playchess.com"]
[Source "ChessBase"]
[SourceQuality "1"]
[TimeControl "900+5"]

1. e4 {[%emt 0:00:00]} e6 {[%emt 0:00:03]} 2. d4 {[%emt 0:00:02]} d5 {[%emt 0:00:02]} 3. Nd2 {[%emt 0:00:01]} c5 {[%emt 0:00:03]} 4. exd5 {[%emt 0:00:02]} exd5 {[%emt 0:00:02]} 5. Ngf3 {[%emt 0:00:08]} Nc6 {[%emt 0:00:02]} 6. Bb5 {[%emt 0:00:03]} cxd4 {[%emt 0:00:04]} 7. O-O {[%emt 0:00:15]} Bd6 {[%emt 0:00:05]} 8. Nb3 {[%emt 0:00:27]} Nge7 {[%emt 0:00:04]} 9. Nbxd4 {[%emt 0:00:47]} O-O {[%emt 0:00:09]} 10. c3 {[%emt 0:00:12]} Bg4 {[%emt 0:00:04]} 11. Be2 {[%emt 0:02:08]} Re8 {[%emt 0:00:48]} 12. Bg5 {[%emt 0:00:29]} a6 {[%emt 0:00:10]} 13. Bh4 {[%emt 0:00:11]} Qc7 {[%emt 0:00:02]} 14. Bg3 {[%emt 0:00:01]} Rad8 {[%emt 0:00:14]} 15. Re1 {[%emt 0:00:23]} Ng6 {[%emt 0:00:27]} 16. Qd2 {[%emt 0:02:00]} Na5 {[%emt 0:00:48]} 17. Qg5 {[%emt 0:01:19]} Bc8 {[%emt 0:00:43]} 18. Rad1 {[%emt 0:01:35]} h6 {[%emt 0:00:22]} 19. Qc1 {[%emt 0:00:09]} Nc4 {[%emt 0:01:51]} 20. b3 {[%emt 0:02:50]} Bxg3 {[%emt 0:01:36]} 21. hxg3 {[%emt 0:00:02]} Nd6 {[%emt 0:00:04]} 22. Bd3 {[%emt 0:00:17]} Bg4 {[%emt 0:00:20]} 23. Bxg6 {[%emt 0:00:46]} fxg6 {[%emt 0:00:04]} 24. Rxe8+ {[%emt 0:00:45]} Rxe8 {[%emt 0:00:17]} 25. Qf4 {[%emt 0:00:01]} Re4 {[%emt 0:00:22]} 26. Qd2 {[%emt 0:00:02]} Kh7 {[%emt 0:01:05]} 27. Nc2 {[%emt 0:00:26]} Nb5 {[%emt 0:01:37]} 28. Qxd5 {[%emt 0:01:34]} Nxc3 {[%emt 0:00:10]} 29. Qd3 {[%emt 0:00:19]} Nxd1 {[%emt 0:00:22]} 30. Qxe4 {[%emt 0:00:04]} Bf5 {[%emt 0:00:04]} 31. Qh4 {[%emt 0:00:12]} Qxc2 {[%emt 0:00:23]} 32. g4 {[%emt 0:00:02]} Bd7 {[%emt 0:02:08]} 33. Ng5+ {[%emt 0:00:07]} Kg8 {[%emt 0:00:05]} 34. Nh3 {[%emt 0:00:03]} g5 {[%emt 0:00:22]} 35. Qg3 {[%emt 0:00:03]} Qe4 {[%emt 0:00:32]} 36. Qb8+ {[%emt 0:00:08]} Kh7 {[%emt 0:00:06]} 37. f3 {[%emt 0:00:06]} Qe3+ {[%emt 0:00:09]} 38. Kh2 {[%emt 0:00:02]} Bc6 {[%emt 0:00:05]} 39. Qd6 {[%emt 0:00:07]} Nc3 {[%emt 0:00:16]} 0-1

[Event "European Online Club-ch-A 2021"]
[Site "Online"]
[Date "2021.03.27"]
[Round "9.12"]
[White "Arkell, Keith C"]
[Black "Royal, Shreyas"]
[Result "1/2-1/2"]
[WhiteElo "2381"]
[BlackElo "2121"]
[Annotator "NA"]
[PlyCount "129"]
[EventDate "2021.03.27"]
[EventType "team-tourn"]
[EventCountry "NET"]
[SourceTitle "playchess.com"]
[Source "ChessBase"]
[SourceQuality "1"]
[TimeControl "900+5"]

1. d4 {[%emt 0:00:00]} Nf6 {[%emt 0:00:05]} 2. Nf3 {[%emt 0:00:08]} g6 {[%emt 0:00:03]} 3. c4 {[%emt 0:00:02]} Bg7 {[%emt 0:00:02]} 4. g3 {[%emt 0:00:01]} d6 {[%emt 0:00:02]} 5. Bg2 {[%emt 0:00:02]} O-O {[%emt 0:00:04]} 6. Nc3 {[%emt 0:00:02]} Nc6 {[%emt 0:00:03]} 7. O-O {[%emt 0:00:02]} a6 {[%emt 0:00:01]} 8. b3 {[%emt 0:00:03]} e5 {[%emt 0:00:58]} 9. dxe5 {[%emt 0:00:04]} dxe5 {[%emt 0:00:02]} 10. Ba3 {[%emt 0:00:03]} Re8 {[%emt 0:04:31]} 11. Qxd8 {[%emt 0:00:10]} Rxd8 {[%emt 0:00:04]} 12. Rad1 {[%emt 0:00:05]} Bf5 {[%emt 0:00:33]} 13. Nd5 {[%emt 0:00:19]} e4 {[%emt 0:01:54]} 14. Nh4 {[%emt 0:07:15]} Nxd5 {[%emt 0:00:17]} 15. cxd5 {[%emt 0:00:05]} Nd4 {[%emt 0:00:03]} 16. e3 {[%emt 0:00:59]} Ne2+ {[%emt 0:00:09]} 17. Kh1 {[%emt 0:00:03]} Nc3 {[%emt 0:00:03]} 18. Nxf5 {[%emt 0:00:24]} gxf5 {[%emt 0:00:06]} 19. Rd2 {[%emt 0:00:25]} Nb5 {[%emt 0:01:26]} 20. Be7 {[%emt 0:00:59]} Rd7 {[%emt 0:00:22]} 21. Bg5 {[%emt 0:00:10]} Bc3 {[%emt 0:01:20]} 22. Rdd1 {[%emt 0:00:08]} Kg7 {[%emt 0:00:25]} 23. a4 {[%emt 0:00:09]} Nd6 {[%emt 0:00:18]} 24. Bf4 {[%emt 0:00:36]} Kf6 {[%emt 0:00:12]} 25. f3 {[%emt 0:00:42]} Kg6 {[%emt 0:00:50]} 26. Bxd6 {[%emt 0:00:11]} exf3 {[%emt 0:00:07]} 27. Rxf3 {[%emt 0:00:10]} Rxd6 {[%emt 0:00:02]} 28. Bh3 {[%emt 0:00:02]} b5 {[%emt 0:00:44]} 29. Bxf5+ {[%emt 0:00:11]} Kg7 {[%emt 0:00:01]} 30. axb5 {[%emt 0:00:20]} axb5 {[%emt 0:00:02]} 31. Rdf1 {[%emt 0:01:18]} b4 {[%emt 0:00:25]} 32. Bd3 {[%emt 0:00:08]} f6 {[%emt 0:00:04]} 33. Bc4 {[%emt 0:00:02]} Re8 {[%emt 0:00:15]} 34. Kg2 {[%emt 0:00:11]} Re7 {[%emt 0:00:11]} 35. R1f2 {[%emt 0:00:08]} c6 {[%emt 0:00:04]} 36. dxc6 {[%emt 0:00:05]} Rxc6 {[%emt 0:00:01]} 37. Ra2 {[%emt 0:00:04]} Rd6 {[%emt 0:00:09]} 38. Kf2 {[%emt 0:00:10]} Rd2+ {[%emt 0:00:13]} 39. Rxd2 {[%emt 0:00:03]} Bxd2 {[%emt 0:00:01]} 40. Ke2 {[%emt 0:00:03]} Bc3 {[%emt 0:00:01]} 41. Rf4 {[%emt 0:00:12]} Rd7 {[%emt 0:00:07]} 42. Rg4+ {[%emt 0:00:05]} Kh6 {[%emt 0:00:03]} 43. Kf3 {[%emt 0:00:06]} Re7 {[%emt 0:00:28]} 44. Bd5 {[%emt 0:00:11]} Bd2 {[%emt 0:00:09]} 45. Be4 {[%emt 0:00:17]} f5 {[%emt 0:00:06]} 46. Bxf5 {[%emt 0:00:05]} Rxe3+ {[%emt 0:00:02]} 47. Kg2 {[%emt 0:00:08]} Rxb3 {[%emt 0:00:34]} 48. Rh4+ {[%emt 0:00:16]} Kg5 {[%emt 0:00:01]} 49. Bxh7 {[%emt 0:00:02]} Rb2 {[%emt 0:00:04]} 50. Kh3 {[%emt 0:00:06]} Be3 {[%emt 0:00:09]} 51. Be4 {[%emt 0:00:26]} b3 {[%emt 0:00:27]} 52. Bf3 {[%emt 0:01:02]} Bg1 {[%emt 0:00:16]} 53. Bg2 {[%emt 0:00:05]} Rd2 {[%emt 0:00:02]} 54. Rb4 {[%emt 0:00:04]} b2 {[%emt 0:00:02]} 55. Rb5+ {[%emt 0:00:03]} Kf6 {[%emt 0:00:06]} 56. Be4 {[%emt 0:00:15]} Rxh2+ {[%emt 0:00:06]} 57. Kg4 {[%emt 0:00:03]} Bd4 {[%emt 0:00:15]} 58. Kf4 {[%emt 0:00:15]} Rf2+ {[%emt 0:00:04]} 59. Kg4 {[%emt 0:00:01]} Ke6 {[%emt 0:00:14]} 60. Bd3 {[%emt 0:00:05]} Rd2 {[%emt 0:00:06]} 61. Bh7 {[%emt 0:00:03]} Bc3 {[%emt 0:00:11]} 62. Kf4 {[%emt 0:00:09]} Rd4+ {[%emt 0:00:06]} 63. Ke3 {[%emt 0:00:04]} Rb4 {[%emt 0:00:03]} 64. Rxb4 {[%emt 0:00:02]} Bxb4 {[%emt 0:00:01]} 65. Bb1 {[%emt 0:00:02]} 1/2-1/2

[Event "European Online Club-ch-A 2021"]
[Site "Online"]
[Date "2021.03.27"]
[Round "9.13"]
[White "Celik, Hasan Huseyin"]
[Black "Artemiev, Vladislav"]
[Result "1/2-1/2"]
[WhiteElo "2173"]
[BlackElo "2709"]
[Annotator "TA"]
[PlyCount "121"]
[EventDate "2021.03.27"]
[EventType "team-tourn"]
[EventCountry "NET"]
[SourceTitle "playchess.com"]
[Source "ChessBase"]
[SourceQuality "1"]

{[%evp 19,121,-22,-1,-18,-18,-13,-6,-8,-8,-10,0,0,-2,-12,-12,-10,-8,-8,-8,-14,-12,-12,-4,-25,-3,-9,0,0,22,-14,-14,-20,0,0,12,0,0,0,0,0,0,0,0,0,9,0,0,0,0,0,0,0,0,0,0,0,0,0,0,0,0,0,0,0,0,0,0,0,0,0,0,0,0,0,0,0,0,0,0,0,0,0,0,0,0,0,0,0,0,0,0,0,0,0,0,0,0,0,0,0,0,0,0,0]} 1. d4 d5 2. c4 e6 3. cxd5 exd5 4. Nc3 c6 5. Qc2 g6 6. Bf4 Bf5 7. Qd2 Nf6 8. Nf3 Nbd7 9. e3 Be7 10. Be2 O-O 11. h3 {[#] D35: Queen's Gambit Declined: Exchange Variation.} Re8 $146 ({Predecessor:} 11... Ne4 12. Nxe4 dxe4 13. Ne5 Nxe5 14. Bxe5 Bd6 15. Bxd6 Qxd6 16. Qc3 Be6 17. g4 a5 {0-1 (40) Richter,P (2015)-Grohmann,A (1973) Germany 2019}) 12. O-O a5 13. Ne5 Nxe5 14. Bxe5 Bd6 15. Bxd6 Qxd6 16. Bd3 (16. a3 {keeps more tension.} Kg7 17. Rfe1 Qe7 18. Bf1 Qc7 19. Rac1) 16... Bxd3 17. Qxd3 Re6 18. Rfe1 Kg7 19. Rac1 h5 20. Re2 Rae8 21. Rce1 Qb4 22. Qc2 {The position is equal.} Nd7 23. a3 Qb6 24. Na4 Qd8 25. b4 axb4 26. axb4 g5 27. Nc5 Nxc5 28. bxc5 g4 29. g3 gxh3 30. Qf5 h4 31. g4 Qc7 32. e4 Rf6 33. Qg5+ Rg6 34. Qf5 Qc8 (34... b6 {seems wilder.} 35. exd5 Rxe2 36. Rxe2 bxc5 37. dxc5 cxd5 38. Re5 Qxc5 39. Rxd5 Qc1+) 35. Qxc8 Rxc8 $11 {[%mdl 4096] Endgame KRR-KRR} 36. f3 Rf6 37. exd5 cxd5 38. Re3 Rf4 39. Rd3 Ra8 40. Kh2 {And now Re5 would win.} Ra4 41. Kxh3 Raxd4 42. Rxd4 Rxd4 {KR-KR} 43. Rb1 Rd3 44. Rxb7 Rxf3+ 45. Kxh4 Kf6 46. g5+ Ke6 47. Kg4 Rc3 48. Rb6+ Ke7 49. Rb7+ Ke6 50. Rb6+ Ke5 51. Rf6 Rxc5 52. Rxf7 Rc1 53. g6 (53. Re7+ {looks sharper.} Kd6 54. Re2 Rg1+ 55. Kf5 Rf1+ 56. Kg4) 53... Rg1+ 54. Kh5 d4 55. Rd7 Ke4 56. g7 d3 57. Kh6 Ke3 58. Kh7 d2 59. Rxd2 Kxd2 60. g8=Q Rxg8 61. Kxg8 {A rather calm draw.  Weighted Error Value: White=0.03/Black=0.03} 1/2-1/2

[Event "European Online Club-ch-A 2021"]
[Site "Online"]
[Date "2021.03.27"]
[Round "9.14"]
[White "Kamsky, Gata"]
[Black "Gurel, Ediz"]
[Result "1-0"]
[WhiteElo "2665"]
[BlackElo "2168"]
[Annotator "ChessBase"]
[PlyCount "175"]
[EventDate "2021.03.27"]
[EventType "team-tourn"]
[EventCountry "NET"]
[SourceTitle "playchess.com"]
[Source "ChessBase"]
[SourceQuality "1"]
[TimeControl "900+5"]

1. d4 {[%emt 0:00:00]} Nf6 {[%emt 0:00:03]} 2. Nf3 {[%emt 0:00:09]} e6 {[%emt 0:00:02]} 3. Bf4 {[%emt 0:00:03]} c5 {[%emt 0:00:04]} 4. e3 {[%emt 0:00:03]} b6 {[%emt 0:00:02]} 5. Nbd2 {[%emt 0:00:03]} Bb7 {[%emt 0:00:11]} 6. h3 {[%emt 0:00:14]} Be7 {[%emt 0:00:04]} 7. Bd3 {[%emt 0:00:07]} O-O {[%emt 0:00:04]} 8. O-O {[%emt 0:00:03]} d6 {[%emt 0:00:05]} 9. Bh2 {[%emt 0:00:03]} Nbd7 {[%emt 0:00:07]} 10. a4 {[%emt 0:00:05]} a6 {[%emt 0:00:22]} 11. Re1 {[%emt 0:00:16]} Re8 {[%emt 0:00:32]} 12. c3 {[%emt 0:00:11]} Bf8 {[%emt 0:00:06]} 13. e4 {[%emt 0:00:13]} e5 {[%emt 0:00:38]} 14. dxe5 {[%emt 0:00:15]} dxe5 {[%emt 0:00:40]} 15. Qb3 {[%emt 0:00:52]} g6 {[%emt 0:01:19]} 16. Bc4 {[%emt 0:01:21]} Re7 {[%emt 0:00:03]} 17. Ng5 {[%emt 0:00:10]} Qe8 {[%emt 0:00:03]} 18. Rad1 {[%emt 0:00:13]} h6 {[%emt 0:00:28]} 19. Ngf3 {[%emt 0:00:03]} Bg7 {[%emt 0:00:41]} 20. Bf1 {[%emt 0:00:50]} Qb8 {[%emt 0:00:36]} 21. Qc2 {[%emt 0:01:00]} Qc7 {[%emt 0:00:37]} 22. Nc4 {[%emt 0:00:09]} Re6 {[%emt 0:00:13]} 23. Nfd2 {[%emt 0:00:09]} Bc6 {[%emt 0:01:19]} 24. Ne3 {[%emt 0:00:29]} Qb7 {[%emt 0:00:40]} 25. f3 {[%emt 0:01:18]} b5 {[%emt 0:00:36]} 26. axb5 {[%emt 0:00:34]} axb5 {[%emt 0:00:02]} 27. c4 {[%emt 0:00:02]} bxc4 {[%emt 0:00:29]} 28. Nexc4 {[%emt 0:00:30]} Qc7 {[%emt 0:00:58]} 29. Nb1 {[%emt 0:00:04]} Nb6 {[%emt 0:01:10]} 30. Nc3 {[%emt 0:00:10]} Nxc4 {[%emt 0:00:17]} 31. Bxc4 {[%emt 0:00:03]} Ree8 {[%emt 0:00:01]} 32. Kh1 {[%emt 0:00:18]} Rad8 {[%emt 0:00:39]} 33. Bg1 {[%emt 0:00:17]} Bf8 {[%emt 0:00:24]} 34. Be3 {[%emt 0:00:19]} Kg7 {[%emt 0:00:17]} 35. Qf2 {[%emt 0:00:19]} Rd4 {[%emt 0:00:28]} 36. b3 {[%emt 0:00:54]} Red8 {[%emt 0:00:38]} 37. Ra1 {[%emt 0:00:03]} Nh5 {[%emt 0:00:33]} 38. Ne2 {[%emt 0:00:28]} Qb6 {[%emt 0:00:55]} 39. Ra6 {[%emt 0:00:38]} Qb7 {[%emt 0:00:10]} 40. Rea1 {[%emt 0:00:07]} Rd1+ {[%emt 0:00:06]} 41. Kh2 {[%emt 0:00:03]} Rxa1 {[%emt 0:00:02]} 42. Rxa1 {[%emt 0:00:03]} Qb4 {[%emt 0:00:29]} 43. Ra7 {[%emt 0:00:52]} Rd7 {[%emt 0:00:20]} 44. Rxd7 {[%emt 0:00:09]} Bxd7 {[%emt 0:00:01]} 45. g4 {[%emt 0:00:12]} Nf6 {[%emt 0:00:12]} 46. Nc1 {[%emt 0:00:05]} Qc3 {[%emt 0:00:18]} 47. Qd2 {[%emt 0:00:31]} Qxd2+ {[%emt 0:00:03]} 48. Bxd2 {[%emt 0:00:01]} Bc6 {[%emt 0:00:09]} 49. Nd3 {[%emt 0:00:17]} Bd6 {[%emt 0:00:03]} 50. Kg2 {[%emt 0:00:22]} Nd7 {[%emt 0:00:03]} 51. Ba5 {[%emt 0:00:22]} g5 {[%emt 0:00:05]} 52. Bd8 {[%emt 0:01:06]} Nf8 {[%emt 0:00:22]} 53. h4 {[%emt 0:00:04]} f6 {[%emt 0:00:11]} 54. h5 {[%emt 0:00:04]} Nd7 {[%emt 0:00:15]} 55. Ne1 {[%emt 0:00:07]} Nb8 {[%emt 0:00:06]} 56. Nc2 {[%emt 0:00:04]} Bd7 {[%emt 0:00:09]} 57. Ne3 {[%emt 0:00:07]} Nc6 {[%emt 0:00:02]} 58. Bb5 {[%emt 0:00:13]} Nxd8 {[%emt 0:00:04]} 59. Bxd7 {[%emt 0:00:03]} Bf8 {[%emt 0:00:06]} 60. Nf5+ {[%emt 0:00:07]} Kf7 {[%emt 0:00:02]} 61. Bb5 {[%emt 0:00:14]} Nb7 {[%emt 0:00:05]} 62. Bc4+ {[%emt 0:00:03]} Ke8 {[%emt 0:00:01]} 63. Kf1 {[%emt 0:00:07]} Nd6 {[%emt 0:00:03]} 64. Ne3 {[%emt 0:00:02]} Kd7 {[%emt 0:00:06]} 65. Ke2 {[%emt 0:00:01]} Be7 {[%emt 0:00:03]} 66. Kd3 {[%emt 0:00:02]} Bd8 {[%emt 0:00:02]} 67. Nd5 {[%emt 0:00:10]} Kc6 {[%emt 0:00:02]} 68. Ba6 {[%emt 0:00:04]} Ne8 {[%emt 0:00:13]} 69. Ne3 {[%emt 0:00:17]} Nd6 {[%emt 0:00:04]} 70. Kc2 {[%emt 0:00:06]} Kb6 {[%emt 0:00:03]} 71. Bc4 {[%emt 0:00:03]} Kc6 {[%emt 0:00:02]} 72. Kb2 {[%emt 0:00:02]} Ba5 {[%emt 0:00:03]} 73. Nd5 {[%emt 0:00:09]} Bd8 {[%emt 0:00:16]} 74. Ka3 {[%emt 0:00:02]} Nb7 {[%emt 0:00:10]} 75. Ka4 {[%emt 0:00:06]} Nd6 {[%emt 0:00:03]} 76. Ba6 {[%emt 0:00:05]} f5 {[%emt 0:00:07]} 77. gxf5 {[%emt 0:00:40]} Nxf5 {[%emt 0:00:02]} 78. Bb7+ {[%emt 0:00:15]} Kxb7 {[%emt 0:00:03]} 79. exf5 {[%emt 0:00:02]} e4 {[%emt 0:00:12]} 80. fxe4 {[%emt 0:00:02]} g4 {[%emt 0:00:04]} 81. Ne3 {[%emt 0:00:05]} g3 {[%emt 0:00:02]} 82. Kb5 {[%emt 0:00:02]} Bc7 {[%emt 0:00:09]} 83. f6 {[%emt 0:00:16]} Be5 {[%emt 0:00:04]} 84. f7 {[%emt 0:00:03]} Bd6 {[%emt 0:00:02]} 85. Nf5 {[%emt 0:00:02]} Bf8 {[%emt 0:00:10]} 86. Nxg3 {[%emt 0:00:02]} Kc7 {[%emt 0:00:02]} 87. Nf5 {[%emt 0:00:09]} Kd7 {[%emt 0:00:02]} 88. Nh4 {[%emt 0:00:02]} 1-0

[Event "European Online Club-ch-A 2021"]
[Site "Online"]
[Date "2021.03.27"]
[Round "9.15"]
[White "Emir, Doruk"]
[Black "Timofeev, Artyom"]
[Result "0-1"]
[WhiteElo "1852"]
[BlackElo "2594"]
[Annotator "ChessBase"]
[PlyCount "82"]
[EventDate "2021.03.27"]
[EventType "team-tourn"]
[EventCountry "NET"]
[SourceTitle "playchess.com"]
[Source "ChessBase"]
[SourceQuality "1"]
[TimeControl "900+5"]

1. Nf3 {[%emt 0:00:00]} Nf6 {[%emt 0:00:05]} 2. g3 {[%emt 0:00:53]} g6 {[%emt 0:00:10]} 3. Bg2 {[%emt 0:00:02]} Bg7 {[%emt 0:00:02]} 4. O-O {[%emt 0:00:02]} O-O {[%emt 0:00:02]} 5. d3 {[%emt 0:00:02]} c5 {[%emt 0:00:04]} 6. e4 {[%emt 0:00:06]} Nc6 {[%emt 0:00:03]} 7. Nfd2 {[%emt 0:00:34]} Rb8 {[%emt 0:00:23]} 8. a4 {[%emt 0:00:08]} b6 {[%emt 0:00:10]} 9. Nc3 {[%emt 0:00:18]} Bb7 {[%emt 0:00:02]} 10. f4 {[%emt 0:00:07]} d6 {[%emt 0:00:05]} 11. Nc4 {[%emt 0:00:10]} Qd7 {[%emt 0:00:19]} 12. f5 {[%emt 0:00:12]} Ne5 {[%emt 0:00:38]} 13. Nxe5 {[%emt 0:02:02]} dxe5 {[%emt 0:00:03]} 14. g4 {[%emt 0:00:09]} Rbd8 {[%emt 0:00:16]} 15. Qf3 {[%emt 0:00:30]} c4 {[%emt 0:00:11]} 16. dxc4 {[%emt 0:00:11]} Qd4+ {[%emt 0:00:02]} 17. Be3 {[%emt 0:00:06]} Qxc4 {[%emt 0:00:02]} 18. h4 {[%emt 0:01:52]} Qb4 {[%emt 0:00:45]} 19. Rab1 {[%emt 0:00:34]} Rc8 {[%emt 0:00:57]} 20. g5 {[%emt 0:01:52]} Nh5 {[%emt 0:00:04]} 21. Bd2 {[%emt 0:01:05]} Nf4 {[%emt 0:00:59]} 22. Rfd1 {[%emt 0:00:28]} Qc4 {[%emt 0:00:34]} 23. Bf1 {[%emt 0:00:14]} Qc7 {[%emt 0:00:02]} 24. fxg6 {[%emt 0:00:53]} hxg6 {[%emt 0:00:20]} 25. Rbc1 {[%emt 0:00:29]} a6 {[%emt 0:00:23]} 26. Bxf4 {[%emt 0:00:31]} exf4 {[%emt 0:00:02]} 27. Rd3 {[%emt 0:00:16]} b5 {[%emt 0:00:11]} 28. Bh3 {[%emt 0:00:33]} Rcd8 {[%emt 0:00:08]} 29. Rcd1 {[%emt 0:00:07]} bxa4 {[%emt 0:00:06]} 30. h5 {[%emt 0:00:08]} Rxd3 {[%emt 0:00:10]} 31. cxd3 {[%emt 0:00:08]} a3 {[%emt 0:00:50]} 32. hxg6 {[%emt 0:00:06]} axb2 {[%emt 0:00:04]} 33. Qh5 {[%emt 0:00:02]} Rd8 {[%emt 0:00:11]} 34. gxf7+ {[%emt 0:00:31]} Kf8 {[%emt 0:00:03]} 35. Qh7 {[%emt 0:00:01]} Qb6+ {[%emt 0:00:39]} 36. Kh1 {[%emt 0:00:29]} Kxf7 {[%emt 0:00:02]} 37. Bg4 {[%emt 0:00:51]} Rh8 {[%emt 0:01:29]} 38. Bh5+ {[%emt 0:00:04]} Kf8 {[%emt 0:00:01]} 39. Qf5+ {[%emt 0:00:10]} Bf6 {[%emt 0:00:02]} 40. gxf6 {[%emt 0:00:38]} Qxf6 {[%emt 0:00:02]} 41. Qg4 {[%emt 0:00:35]} Qe5 {[%emt 0:00:14]} 0-1

[Event "European Online Club-ch-A 2021"]
[Site "Online"]
[Date "2021.03.27"]
[Round "9.16"]
[White "Sharafiev, Azat"]
[Black "Tinmaz, Kerem"]
[Result "1-0"]
[WhiteElo "2432"]
[BlackElo "1614"]
[Annotator "NA"]
[PlyCount "75"]
[EventDate "2021.03.27"]
[EventType "team-tourn"]
[EventCountry "NET"]
[SourceTitle "playchess.com"]
[Source "ChessBase"]
[SourceQuality "1"]
[TimeControl "900+5"]

1. d4 {[%emt 0:00:00]} d5 {[%emt 0:00:03]} 2. Nf3 {[%emt 0:00:05]} Nf6 {[%emt 0:00:02]} 3. c4 {[%emt 0:00:04]} c6 {[%emt 0:00:02]} 4. Nc3 {[%emt 0:00:02]} dxc4 {[%emt 0:00:01]} 5. a4 {[%emt 0:00:03]} a5 {[%emt 0:00:04]} 6. e4 {[%emt 0:00:20]} Bg4 {[%emt 0:00:03]} 7. Bxc4 {[%emt 0:00:08]} e6 {[%emt 0:00:03]} 8. Be3 {[%emt 0:00:10]} Bb4 {[%emt 0:00:03]} 9. h3 {[%emt 0:00:13]} Bh5 {[%emt 0:01:05]} 10. Bd3 {[%emt 0:00:10]} Nbd7 {[%emt 0:00:50]} 11. O-O {[%emt 0:00:10]} h6 {[%emt 0:00:35]} 12. Ne2 {[%emt 0:02:05]} Bxf3 {[%emt 0:00:29]} 13. gxf3 {[%emt 0:00:03]} Nh5 {[%emt 0:01:37]} 14. Ng3 {[%emt 0:00:27]} Qh4 {[%emt 0:00:31]} 15. Nxh5 {[%emt 0:00:03]} Qxh5 {[%emt 0:00:10]} 16. Kh2 {[%emt 0:00:02]} Nf6 {[%emt 0:01:33]} 17. f4 {[%emt 0:00:11]} Qh4 {[%emt 0:02:24]} 18. Qf3 {[%emt 0:00:33]} g5 {[%emt 0:01:13]} 19. Qg3 {[%emt 0:01:25]} Qh5 {[%emt 0:00:46]} 20. f5 {[%emt 0:00:44]} exf5 {[%emt 0:01:18]} 21. Qe5+ {[%emt 0:00:22]} Be7 {[%emt 0:00:09]} 22. Qxf5 {[%emt 0:00:02]} Qh4 {[%emt 0:00:44]} 23. f3 {[%emt 0:01:10]} Rg8 {[%emt 0:00:32]} 24. Bf2 {[%emt 0:00:16]} Qf4+ {[%emt 0:00:42]} 25. Qxf4 {[%emt 0:00:06]} gxf4 {[%emt 0:00:01]} 26. Rg1 {[%emt 0:01:03]} O-O-O {[%emt 0:00:05]} 27. Bc4 {[%emt 0:00:02]} Rdf8 {[%emt 0:00:35]} 28. Rxg8 {[%emt 0:00:12]} Nxg8 {[%emt 0:00:16]} 29. Rg1 {[%emt 0:00:06]} Nf6 {[%emt 0:00:25]} 30. Rg7 {[%emt 0:00:09]} Kd7 {[%emt 0:00:24]} 31. Bxf7 {[%emt 0:00:15]} b5 {[%emt 0:00:27]} 32. axb5 {[%emt 0:00:38]} cxb5 {[%emt 0:00:02]} 33. e5 {[%emt 0:00:03]} Ne8 {[%emt 0:00:15]} 34. Bxe8+ {[%emt 0:00:04]} Kxe8 {[%emt 0:00:13]} 35. d5 {[%emt 0:00:04]} Rf5 {[%emt 0:00:05]} 36. d6 {[%emt 0:00:24]} Bf8 {[%emt 0:00:06]} 37. d7+ {[%emt 0:00:05]} Kd8 {[%emt 0:00:06]} 38. Bb6# {[%emt 0:00:01]} 1-0

[Event "European Online Club-ch-A 2021"]
[Site "Online"]
[Date "2021.03.27"]
[Round "9.17"]
[White "Finek, Vaclav"]
[Black "Rapport, Richard"]
[Result "0-1"]
[WhiteElo "2361"]
[BlackElo "2763"]
[Annotator "TA"]
[PlyCount "78"]
[EventDate "2021.03.27"]
[EventType "team-tourn"]
[EventCountry "NET"]
[SourceTitle "playchess.com"]
[Source "ChessBase"]
[SourceQuality "1"]

{[%evp 9,78,0,3,-8,12,0,96,80,112,55,78,35,30,8,81,53,38,27,123,120,112,40,43,29,77,50,79,20,87,87,93,92,174,130,176,162,327,233,201,20,98,9,10,0,0,0,0,0,0,0,0,0,0,0,0,0,0,-216,-124,-238,-231,-224,-210,-29982,-29983,-1300,-109,-113,-112,-29998,-29999]} 1. d4 e6 2. c4 f5 3. Nc3 Nf6 4. Nf3 Bb4 5. Bf4 Ne4 6. Qc2 {A85: Dutch Defence: 2 c4 Nf6 3 Nc3.} Bxc3+ 7. bxc3 {[#]} g5 $146 (7... d6 $11) ({Predecessor:} 7... O-O 8. e3 d5 9. cxd5 exd5 10. c4 c6 11. cxd5 Qa5+ 12. Nd2 Nxd2 13. Qxd2 Qxd5 {1-0 (29) Millard,C-Le Marrec,M Durban 2014}) 8. Bc1 {White is better.} b6 9. Nd2 (9. g4 $1 $16) 9... Bb7 10. f3 Nxd2 11. Bxd2 O-O (11... g4 $11) 12. e4 fxe4 13. fxe4 Qf6 (13... Qe7 $11) 14. O-O-O $16 e5 15. d5 (15. c5 $16 Nc6 16. Bc4+ Kh8 17. d5) 15... Na6 $14 16. Be2 d6 17. Rdf1 (17. h4 $5) 17... Qg7 18. Be3 (18. Rf5 $16 Rxf5 19. exf5) 18... Rxf1+ (18... Nc5 $11 {remains equal.}) 19. Rxf1 $16 Rf8 20. Rxf8+ Kxf8 (20... Qxf8 $16 {might work better.} 21. Qa4 (21. Bxg5 Qg7 $14) 21... Qd8) 21. Bg4 Ke7 22. Bf5 h6 $2 (22... Nb8 23. Qd1 g4) 23. Qe2 Nc5 24. Kd2 $2 (24. Qg4 $1 $18) 24... Ba6 (24... Nd7 $11 {keeps the balance.}) 25. Qh5 (25. Qd1 $1 $16 Qf8 26. Bxc5 bxc5 27. Qa4) 25... Nd7 $11 (25... Bxc4 26. h4 $16) 26. Bxd7 Kxd7 27. Qg4+ Kd8 28. h4 {[%cal Rh4g5]} Bxc4 29. hxg5 {Black must now prevent Qf5.} Qg6 30. Qf3 h5 31. Qf8+ Qe8 32. Qf6+ Kc8 {...Qa4 is the strong threat.} 33. Ke1 $2 (33. g6 $11 {and White is okay.} Qa4 34. Qf2) 33... Bd3 (33... Qb5 $1 $19 34. Kf2 Qb1 35. Qf8+ Kb7) 34. Qf5+ {[#]} (34. Qf3 $17 {keeps fighting.}) 34... Kb7 $1 $19 35. g6 {[#] Strongly threatening g7.} Qb5 $1 {[%cal Rb5b1] Hoping for ...Qb1+.} 36. g7 $2 (36. Qf3 $19 Qc4 37. g7 Bxe4 {[%mdl 64] Double Attack} 38. g8=Q Bxf3 39. gxf3 Qxc3+ 40. Ke2) 36... Qb1+ {[%mdl 64] Double Attack} 37. Kf2 Qc2+ $2 (37... h4 $19 {[%csl Gd3][%cal Rb1f1] has better winning chances.} 38. Bc1 Qxc1) 38. Kg3 Bxe4 39. Qf7 $2 {[%mdl 8192]} (39. Qf2 $17 Qxf2+ 40. Bxf2 Bxd5 41. a3) 39... Qxg2+ {Black used his chance.  Weighted Error Value: White=0.76/Black=0.44} 0-1